Загрузка...

Competition law today : concepts, issues, and the law in practice

A collection of articles about major issues in the theory and practice of competition law, written by Indian and foreign specialists, that aims to fill the gap in India regarding knowledge and understanding about this increasingly critical area of law.

Библиографические подробности
Другие авторы: Vinod Dhall, Ed
Формат: Printed Book
Опубликовано: Oxford OUP 2019
Редактирование:2
Предметы:
LEADER 00805cam a22001695i 4500
020 |a 9780199486663 
082 |a 343.540721  |b COM 
245 0 0 |a Competition law today : concepts, issues, and the law in practice 
250 |a 2 
260 |a Oxford  |b OUP  |c 2019 
300 |a xxxvi, 655p. 
520 |a A collection of articles about major issues in the theory and practice of competition law, written by Indian and foreign specialists, that aims to fill the gap in India regarding knowledge and understanding about this increasingly critical area of law. 
650 |a Antitrust law-India  |a Competition, Unfair 
700 1 |a Vinod Dhall, Ed. 
942 |c BK 
999 |c 59729  |d 59729 
952 |0 0  |1 0  |4 0  |6 343_540721000000000_COM  |7 0  |9 66869  |a KUCL  |c Stack  |d 2020-11-11  |g 1595.00  |l 0  |o 343.540721 COM  |p 51479  |r 2020-11-11  |w 2020-11-11  |y BK